Napoleon Bonaparte: prawda czy fałsz? - Statystyki

Ogólne statystyki
  • Ten quiz został rozwiązany 376 razy
    347 od ostatniego zresetowania
  • Średni wynik to 8 z 10
Statystyki odpowiedzi
Zagadnienie Odpowiedź % Poprawnych
Najechał Stany Zjednoczone fałszywe
91%
Został dwukrotnie wygnany. Prawdziwe
88%
Umarł z rany. fałszywe
86%
Został zesłany również na Wyspę Św. Heleny. Prawdziwe
86%
Był młodym oficerem podczas panowania terroru. Prawdziwe
85%
Stworzył Kodeks Napoleona. Prawdziwe
85%
Był hiszpańskim dyktatorem. fałszywe
81%
Miał zaledwie 23 lata, kiedy zmarł. fałszywe
81%
Sprzedał zakup Luizjany do Stanów Zjednoczonych. Prawdziwe
73%
Miał 6 stóp wzrostu. fałszywe
56%
Nie znaleziono quizów pasujących do podanych kryteriów
Rozkład punktacji
Procent ludzi z każdym wynikiem
Percentyl według liczby udzielonych odpowiedzi
Twoja historia wyników
Nie rozwiązałeś tego quizu od ostatniego zresetowania